UBT Library

Mechanical Drawing CAD-Communications (Record no. 56759)

000 -LEADER
fixed length control field 00333nam a22001457a 4500
008 - FIXED-LENGTH DATA ELEMENTS--GENERAL INFORMATION
fixed length control field 210426b ||||| |||| 00| 0 eng d
020 ## - INTERNATIONAL STANDARD BOOK NUMBER
International Standard Book Number 9780070223370
041 ## - LANGUAGE CODE
Language code of text/sound track or separate title eng
080 ## - UNIVERSAL DECIMAL CLASSIFICATION NUMBER
Edition identifier 11th
Universal Decimal Classification number 72
082 ## - DEWEY DECIMAL CLASSIFICATION NUMBER
Classification number 72
100 ## - Rafti
Rafti 41
101 ## - Shkurtesa
Shkurtesa ARK
245 ## - TITLE STATEMENT
Title Mechanical Drawing CAD-Communications
Statement of responsibility, etc French,Th.E
942 ## - ADDED ENTRY ELEMENTS (KOHA)
Source of classification or shelving scheme
Item type Books
Holdings
Withdrawn status Lost status Source of classification or shelving scheme Damaged status Not for loan Collection code Permanent location Current location Shelving location Date acquired Total Checkouts Full call number Barcode Date last seen Price effective from Koha item type
          Koleksioni i përgjithshem UBT - Lipjan UBT - Lipjan Koleksioni i përgjithshem 04/26/2021   72 FRE 002-7001820 04/26/2021 04/26/2021 Books
          Koleksioni i përgjithshem UBT - Lipjan UBT - Lipjan Koleksioni i përgjithshem 04/27/2021   72 FRE 002-7001764 04/27/2021 04/27/2021 Books
          Koleksioni i përgjithshem UBT - Lipjan UBT - Lipjan Koleksioni i përgjithshem 04/29/2021   72 FRE 002-7002592 04/29/2021 04/29/2021 Books
          Koleksioni i përgjithshem UBT - Lipjan UBT - Lipjan Koleksioni i përgjithshem 04/29/2021   72 FRE 002-7002590 04/29/2021 04/29/2021 Books
          Koleksioni i përgjithshem UBT - Lipjan UBT - Lipjan Koleksioni i përgjithshem 04/29/2021   72 FRE 002-7002597 04/29/2021 04/29/2021 Books
          Koleksioni i përgjithshem UBT - Lipjan UBT - Lipjan Koleksioni i përgjithshem 04/29/2021   72 FRE 002-7002596 04/29/2021 04/29/2021 Books
UBT Library © 2015-2024. All rights reserved University Education for Business and Technology